| 000 | 00823nam0a22002531 4500 | ||
|---|---|---|---|
| 001 | rc\3523954 | ||
| 005 | 20260407143451.0 | ||
| 021 |
_aRU _bРг2501-71 |
||
| 021 |
_aRU _b70-49207 |
||
| 035 | _a(NLR Aleph) 007624538 | ||
| 090 |
_a5956568 _c5956568 |
||
| 100 | _a20130115d1970 |||y0rusy50 ca | ||
| 101 | 0 | _arus | |
| 102 | _aRU | ||
| 105 | _ay z ||||| | ||
| 200 | 1 |
_aВ помощь ревизионным комиссиям ФЗМК _fЛенингр. обл. совет профсоюзов |
|
| 210 |
_aЛенинград _cЛениздат _d1970 |
||
| 215 |
_a39 с. _d20 |
||
| 712 | 0 | 2 |
_aЛенинградский областной совет профсоюзов _3RU\NLR\AUTH\8810015514 _9528884 |
| 801 | 0 |
_aRU _bNLR _gpsbo |
|
| 801 | 1 |
_aRU _bELAR _2rusmarc |
|
| 852 |
_aNLR _j70-4/11604 |
||
| 942 | _cBOOK | ||
| 980 | _aNB | ||